| 000 | 00831nam a2200277 i 4500 | ||
|---|---|---|---|
| 001 | 000009748 | ||
| 003 | DO-SdBNP | ||
| 005 | 20240412074212.0 | ||
| 007 | ta | ||
| 008 | 091001t1967 dr 000 p spa d | ||
| 040 |
_aDO-SdBNP _bspa _cBNPHU _erda |
||
| 082 | 4 |
_aRD861.44 _bB877s _222 |
|
| 100 | 1 |
_aBrower C., Pompilio A. _924650 _eautor |
|
| 245 | 1 | 0 |
_aSunhara / _cPompilio A. Brower C. |
| 264 |
_aSanto Domingo : _bLibrería Dominicana, _c1967. |
||
| 300 |
_a154 páginas ; _c19 cm. |
||
| 336 |
_2rdacontent _atexto _btxt |
||
| 337 |
_2rdamedia _asin mediación _bn |
||
| 338 |
_2rdacarrier _avolumen _bnc |
||
| 590 | _aInventariado, 2018/LP | ||
| 650 | 4 |
_aPoesía dominicana _966 |
|
| 650 | 0 |
_aLiteratura dominicana. _967 |
|
| 650 | 4 |
_aDrama en verso _924651 |
|
| 910 | _aValidado. Control de calidad EMS. | ||
| 942 |
_2ddc _cLBS1 |
||
| 999 |
_c9508 _d9508 |
||